LEADER 01577oam 2200517 450 001 9910715327203321 005 20210413111040.0 035 $a(CKB)5470000002510765 035 $a(OCoLC)1086402082$z(OCoLC)974646998 035 $a(EXLCZ)995470000002510765 100 $a20190220d1991 ua 0 101 0 $aeng 135 $aurbn||||||||| 181 $ctxt$2rdacontent 182 $cc$2rdamedia 183 $acr$2rdacarrier 200 10$aTemperature sensitivity of mercury-manometer bubble gages /$fby W.H. Kirby 210 1$aReston, Virginia :$cU.S. Geological Survey,$d1991. 215 $a1 online resource (iv, 19 pages) $cillustrations 225 1 $aWater-resources investigations report ;$v91-4038 320 $aIncludes bibliographical references (page 19). 606 $aManometers$xEvaluation 606 $aGages$xEvaluation 606 $aEngineering geology$xInstruments 606 $aManometers$2fast 606 $aWater table$2fast 615 0$aManometers$xEvaluation. 615 0$aGages$xEvaluation. 615 0$aEngineering geology$xInstruments. 615 7$aManometers. 615 7$aWater table. 700 $aKirby$b W. H$g(William H.),$01422038 712 02$aGeological Survey (U.S.), 801 0$bOCLCE 801 1$bOCLCE 801 2$bCOP 801 2$bOCLCF 801 2$bOCLCQ 801 2$bUND 801 2$bOCLCQ 801 2$bOCLCO 801 2$bGPO 906 $aBOOK 912 $a9910715327203321 996 $aTemperature sensitivity of mercury-manometer bubble gages$93545438 997 $aUNINA